Demanda , "causa Petendi" y objeto del proceso /

Bibliographic Details
Main Author: Berzosa Francos, María Victoria (Author)
Other Authors: Picó i Junoy, Joan (contributor agent of text.), Serra Domínguez, M. (contributor agent of text.)
Format: Electronic eBook
Language:Spanish
Published: Santiago, Chile : Ediciones Olejnik, [2023]
Series:Biblioteca de derecho procesal (Ediciones Olejnik)
Subjects:
Online Access:Digitalia Hispánica

MARC

LEADER 00000nam a2200000Ii 4500
001 DIGOLEJNK1346
003 NyNyDIG
006 m o d
007 cr |||||||||||
008 250902s2023 cl ob 000 0 spa d
035 |a (OCoLC)1430476764 
040 |a DGITA  |b eng  |e rda  |e pn  |c DGITA 
020 |z 9789564073934 
043 |a e-sp--- 
050 1 4 |a KKT1749 ebook 
100 1 |a Berzosa Francos, María Victoria,  |e author. 
245 1 0 |a Demanda , "causa Petendi" y objeto del proceso /  |c Ma. Victoria Berzosa Francos ; prólogo, Joan Picó i Junoy, M. Serra Domínguez. 
264 1 |a Santiago, Chile :  |b Ediciones Olejnik,  |c [2023] 
300 |a 1 online resource. 
336 |a text  |b txt  |2 rdacontent 
337 |a computer  |b c  |2 rdamedia 
338 |a online resource  |b cr  |2 rdacarrier 
347 |a text file  |2 rdaft 
347 |b PDF 
490 1 |a Biblioteca de derecho procesal 
504 |a Includes bibliographical references. 
588 0 |a Online resource; title from PDF title page (Digitalia, viewed September 2, 2025) 
650 0 |a Complaints (Civil procedure)  |z Spain. 
650 0 |a Civil procedure  |z Spain. 
700 1 |a Picó i Junoy, Joan,  |e contributor agent of text. 
700 1 |a Serra Domínguez, M.,  |e contributor agent of text. 
791 2 |a Digitalia (Firm),  |e distributor. 
793 0 |g Digitalia eBook Collection:  |a Ediciones Olejnik 
776 0 8 |i Print version:  |a Berzosa Francos, María Victoria.  |t Demanda, "causa petendi" y objeto del proceso.  |d Santiago, Chile : Ediciones Olejnik, 2023  |z 9789564073934 
830 0 |a Biblioteca de derecho procesal (Ediciones Olejnik) 
856 4 0 |3 Digitalia Hispánica  |u https://www.digitaliapublishing.com/a/157855/ 
910 |a Premium collection: 2025